Windows 2000 professional on site (Record no. 1749)
[ view plain ]
| 000 -LEADER | |
|---|---|
| fixed length control field | 01158nam a22003134a 4500 |
| 082 04 - DEWEY DECIMAL CLASSIFICATION NUMBER | |
| Classification number | 005.4/4769 |
| 100 1# - MAIN ENTRY--AUTHOR NAME | |
| Personal name | Eckel, Erik. |
| 245 10 - TITLE STATEMENT | |
| Title | Windows 2000 professional on site |
| 260 ## - PUBLICATION, DISTRIBUTION, ETC. (IMPRINT) | |
| Place of publication | Scottsdale, Ariz. : |
| Name of publisher | Coriolis, |
| Year of publication | c2001. |
| 300 ## - PHYSICAL DESCRIPTION | |
| Number of Pages | xxvi, 794 p. : |
| Other physical details | ill. |
| 500 ## - GENERAL NOTE | |
| General note | Includes index. |
| 650 #0 - SUBJECT ADDED ENTRY--TOPICAL TERM | |
| Topical Term | Operating systems (Computers) |
| 700 1# - ADDED ENTRY--PERSONAL NAME | |
| Personal name | Alderman, Brian. |
| 856 40 - ELECTRONIC LOCATION AND ACCESS | |
| Uniform Resource Identifier | http://site.ebrary.com/lib/rucke/Doc?id=5002829 |
No items available.
